000
00313nam a2200133Ia 4500
008
150301s2015 xx 000 0 und d
082
_a
612.015
_b
C95R
100
_a
S.C RASTOGI
245
_a
CONCEPTS IN MOLECULAR BIOLOGY
260
_b
NEW AGE INT.
300
_a
285
650
_a
PHARMACEUTICS
942
_2
ddc
_c
BK
999
_c
7201
_d
7201